Harry Potter A-Z: Ultimate Fan Edition Quiz Stats

 Plays Quiz not verified by Sporcle

Support Sporcle.
Go Orange.
Score 0/26 Timer 05:00
0 Plays Today
Hint Answer % Correct
H: Half-GiantHagrid
96%
D: Wizarding NewspaperDaily Prophet
93.7%
N: Tonks' First NameNymphadora
91.3%
S: Quidditch Position Seeker
91.3%
L: Snogged RonLavender Brown
89.7%
P: James Potter's NicknameProngs
89.7%
M: Transfiguration ProfessorMinerva Mcgonagall
88.9%
X: Luna's Father's NicknameXeno
88.9%
G: Sister of Fleur DelacourGabrielle Delacour
88.1%
U: Avada Kedavra, Crucio, ImperioUnforgivable Curses
88.1%
W: House ElfWinky
87.3%
O: Madame Maxime's First NameOlympe
86.5%
T: Lowest OWLs MarkTroll
86.5%
Hint Answer % Correct
J: J.K. Rowling's First NameJoanne
85.7%
E: Close Friend of Dumbledore Elphias Doge
84.9%
F: Brother of Molly WeasleyFabian Prewett
84.9%
Y: Death EaterYaxley
82.5%
I: Reciever of the Cloak of InvisibilityIgnotus Peverell
81.7%
Q: First Year DADA ProfessorQuirinus Quirrell
81%
R: R.A.BRegulus Arcturus Black
77%
Z: Sneering Hufflepuff Quidditch PlayerZacharias Smith
75.4%
C: A Popular SweetChocolate Frogs
73.8%
V: The Fat Lady's Best FriendViolet
70.6%
A: Grandfather of Draco MalfoyAbraxas Malfoy
65.9%
K: J.K. Rowling's Middle NameKathleen
65.1%
B: Ancient Runes ProfessorBathsheda Babbling
58.7%

You're not logged in!

Compare scores with friends on all Sporcle quizzes.
OR
Log In

From the Vault

Complete the Map Snippet V

by t_rev19

Do enough of these snippets and you'll just have a whole map.
Remove Ads.
Support Sporcle.
Get the best of Sporcle when you Go Orange. This ad-free experience offers more features, more stats, and more fun while also helping to support Sporcle. Thank you for becoming a member.

Show Comments

Extras

Created Mar 10, 2012SourceReportNominate

Top Quizzes Today


Score Distribution

Your Account Isn't Verified!

In order to create a playlist on Sporcle, you need to verify the email address you used during registration. Go to your Sporcle Settings to finish the process.

Report this User

Report this user for behavior that violates our Community Guidelines.

Details: